000 00504nam a2200181Ia 4500
008 090123s9999 xx 000 0 und d
082 _b39656
100 _aघाटे उज्वला
245 _aकोलाज
250 _a1
260 _bप्रियांजली प्रकाशन
_c2006
300 _a160
600 _aघाटे उज्वला
630 _aकोलाज
700 _aघाटे उज्वला
730 _aकोलाज
942 _cBOOK
999 _c77728
_d77728